00811nam a22002417a 450000500170000001000130001702000110003003500130004103700160005404000120007008200160008210000270009824500710012526000520019627000300024830000200027850000220029865000340032065000290035494200300038399900190041395201370043220170124105913.0 aA-574314 c100.00 aA-574314 bCen Lib/Ret aDPLbEN a338.4766854 aSrivastava, S.B.91196 aPerfume flavour and essential oil industries /cby S.B. Srivastava aDelhibsmall industry research institute c00?? bDelhiaRoop nagare110007 a192p.c20cm(Hb) aIncludes appendix aChemical industries y 91197 aperfume industries91198 2ddccENh338.4766854mSRI c122619d122619 001040718REFaLbLd2015-05-28eCen Lib/Retg100.00l0o338.4766854 SRIpA-574314r2015-05-28 00:00:00t1v100.00w2015-05-28yEN